Catálogo
 En Linea

Los libros de la biblia : (Registro nro. 25123)

Detalles MARC
000 -CABECERA
campo de control de longitud fija 00688nam a2200193 a 4500
001 - NÚMERO DE CONTROL
campo de control 000025631
005 - FECHA Y HORA DE LA ÚLTIMA TRANSACCIÓN
campo de control 20200930023929.0
008 - DATOS DE LONGITUD FIJA--INFORMACIÓN GENERAL
campo de control de longitud fija 110218s1930 ag r 000 0 spa d
040 ## - FUENTE DE LA CATALOGACIÓN
Centro catalogador/agencia de origen DO-SdBNP
Lengua de catalogación spa
Centro/agencia transcriptor BNPHU
082 ## - NÚMERO DE LA CLASIFICACIÓN DECIMAL DEWEY
Número de clasificación NNN
Número de documento/Ítem A595l
049 ## - FONDOS LOCALES (OCLC)
Fondos de biblioteca BNGR
100 1# - ENTRADA PRINCIPAL--NOMBRE DE PERSONA
Nombre de persona Angus, Josep,
Fechas asociadas al nombre 1816 - 1902.
9 (RLIN) 52336
245 10 - MENCIÓN DE TÍTULO
Título Los libros de la biblia :
Resto del título (Nuevo Testamento) /
Mención de responsabilidad, etc. Joseph Angu, Samuel G. Green ; traducido del inglés por Carlos Araujo García.
260 ## - PUBLICACIÓN, DISTRIBUCIÓN, ETC.
Lugar de publicación, distribución, etc. Buenos Aires :
Nombre del editor, distribuidor, etc. Junta Bautista de Publicaciones,
Fecha de publicación, distribución, etc. [1930?].
300 ## - DESCRIPCIÓN FÍSICA
Extensión 232 p. ;
Dimensiones 20 cm.
500 ## - NOTA GENERAL
Nota general Incluye apéndice (p. [217]-223)
700 1# - PUNTO DE ACCESO ADICIONAL--NOMBRE DE PERSONA
Nombre de persona Green, Samuel G.
9 (RLIN) 52337
700 1# - PUNTO DE ACCESO ADICIONAL--NOMBRE DE PERSONA
Nombre de persona Araujo García, Carlos
Término indicativo de función/relación tr.
9 (RLIN) 52338
Existencias
Estado de retiro Estado de pérdida Restricciones de uso No para préstamo Código de colección Localización permanente Ubicación/localización actual Ubicación en estantería Fecha de adquisición Número de inventario Total de préstamos Signatura topográfica completa Código de barras Fecha visto por última vez Precio válido a partir de Tipo de ítem Koha
        Monografías: Libros y Folletos General General En catalogación 18.02.2011 LF1   NNN A595l 25631-10 25.06.2020 25.06.2020 Préstamo en sala

Con tecnología Koha